00586nam a2200193 a 450000500170000000800410001702000180005805000270007610000240010324500760012725000120020326000620021530000290027750000190030652100070032565000180033265000200035070000220037020140310183606.0120620s19uu xx 00 eng d a9789810698911 aQA 76.9.S88b.K45 2009 aKendall, Kenneth E. aSystem analysis and design /cKenneth E. Kendall. and Julie E. Kendall. a7th ed. aSingapore :bPearson Education South Asia Pte Ltd,c2009. a774 p. :bill. ;c26 cm. aIncludes index aIT aSystem design aSystem analysis aKendall, Julie E.